Perspectives on Nepal : (Record no. 104945)
[ view plain ]
| 000 -LEADER | |
|---|---|
| fixed length control field | 00607nam a22001937a 4500 |
| 005 - DATE AND TIME OF LATEST TRANSACTION | |
| control field | 20161205121623.0 |
| 010 ## - LCCN (DPL NO) | |
| LC control number | ENG-116733 |
| 020 ## - INTERNATIONAL STANDARD BOOK NUMBER | |
| Terms of availability | 750.00 |
| International Standard Book Number | 9788175418660 |
| 035 ## - SYSTEM CONTROL NUMBER | |
| System control number | EN-100265 |
| 037 ## - SOURCE OF ACQUISITION | |
| Source of stock number/acquisition | DBAD/PUB |
| 082 ## - DEWEY DECIMAL CLASSIFICATION NUMBER | |
| Classification number | 954.61 |
| 100 ## - MAIN ENTRY--PERSONAL NAME | |
| Personal name | Mukherji,Deb |
| 245 ## - TITLE STATEMENT | |
| Title | Perspectives on Nepal : |
| Statement of responsibility, etc | by Deb Mukharji |
| Remainder of title | recent history and Indo-Nepal relations / |
| 260 ## - PUBLICATION, DISTRIBUTION, ETC. (IMPRINT) | |
| Place of publication, distribution, etc | Delhi |
| Name of publisher, distributor, etc | Shipra Publications |
| Date of publication, distribution, etc | 2016 |
| 270 ## - ADDRESS | |
| Address | LG 18-19, Pankaj Central Market, Patparganj, |
| City | Delhi |
| Postal code | 110092 |
| 300 ## - PHYSICAL DESCRIPTION | |
| Extent | xvii,198p. |
| Dimensions | 23cm(Hb) |
| 500 ## - GENERAL NOTE | |
| General note | Includes Index |
| 942 ## - ADDED ENTRY ELEMENTS (KOHA) | |
| Source of classification or shelving scheme | Dewey Decimal Classification |
| Item type | English Books |
| Call number suffix | MUK |
| Classification part | 954.61 |
| Withdrawn status | Lost status | Not for loan | Collection code | Home library | Current library | Date acquired | Source of acquisition | Cost, normal purchase price | Full call number | Barcode | Copy number | Cost, replacement price | Koha item type |
|---|---|---|---|---|---|---|---|---|---|---|---|---|---|
| Not For Loan | Non-fiction | D.B.Act.Division | Bawana | 30/11/2016 | DBAD/PUB | 750.00 | 954.61 MUK | EN-100265 | 1 | 750.00 | English Books |
